000 00553nam a2200205Ia 4500
005 20230714094328.0
008 131103s9999 xx 000 0 und d
040 _aLoreto College
041 _aEnglish
082 _a920
_bBUC
245 _aJohn Buchan
_cby his wife and friends; with a preface by George M.Trevelyon
260 _aLondon
_bHodder and Stoughton
_c1947
300 _a304 p.
_b illus.
504 _aIncludes index
650 _aBuchan,John
651 _aBiography
700 _aTrevelyan,George M.
850 _aLCLIB
942 _cBK
999 _c12357
_d62836